| 000 | 00933cab a2200289 4500 | ||
|---|---|---|---|
| 001 | ABS67505 | ||
| 008 | 040304n2004 000 0 eng u | ||
| 035 | _a(Sirsi) u125330 | ||
| 245 | _aRegional survey: South Thames riverside boroughs | ||
| 260 | _c2004 | ||
| 490 |
_aProperty Week _v69(7) 13 February 2004, 73-90(13) |
||
| 590 | _aABS | ||
| 650 | _aSOUTH THAMES RIVERSIDE BOROUGHS | ||
| 650 | _aRIVERSIDE | ||
| 650 | _aLONDON BOROUGHS SOUTH | ||
| 650 | _aWATERLOO STATION | ||
| 650 | _aBATTERSEA POWER STATION | ||
| 650 | _aTHAMESMEAD | ||
| 650 | _aSOUTH THAMES GATEWAY | ||
| 650 | _aINDUSTRIAL MARKET | ||
| 650 | _aPROPERTY-COMMERCIAL PROPERTY-OFFICE PROPERTY-OFFICE PROPERTY MARKET | ||
| 650 | _aPROPERTY-COMMERCIAL PROPERTY-RETAIL PROPERTY-RETAIL PROPERTY MARKET | ||
| 650 | _aSOUTHWARK | ||
| 650 | _aSOUTH BANK CENTRE | ||
| 690 | _aPROPERTY-COMMERCIAL PROPERTY-COMMERCIAL PROPERTY MARKET | ||
| 942 | _n0 | ||
| 999 |
_c74236 _d74236 |
||